| 000 | 01043cab a2200193 4500 | ||
|---|---|---|---|
| 001 | ##L134424 | ||
| 008 | 060804n2006 000 0 eng u | ||
| 035 | _a(Sirsi) u134424 | ||
| 041 | 0 | _aeng | |
| 100 | 1 | _aSpring, Martin | |
| 245 | 0 | 0 | _aTo sir, with love |
| 260 | _c2006 | ||
| 490 | 0 |
_aBuilding _v271(8441) 28 July 2006, 40-43(4) |
|
| 520 | _aReports on the design of four new schools in Bristol which are among the first to be commissioned under the government's Building Schools for the Future (BSF) programme. Three of the four schools feature a triangular deep-plan classroom block with rounded apex, known as the strawberry, which allows classrooms to be easily reconfigured at a later date if required. A different configuration has been adopted for the fourth school, located in an inner city area which is not suitable for the strawberry plan. A second article looks at CABE's analysis of the first BSF projects. | ||
| 590 | _aIKA010806 | ||
| 651 | 4 | _aBRISTOL | |
| 690 | _aBUILT ENVIRONMENT-CONSTRUCTION DESIGN | ||
| 942 | _n0 | ||
| 999 |
_c77517 _d77517 |
||